| 000 | 01748cam a22004454i 4500 | ||
|---|---|---|---|
| 003 | PE-LiUPU | ||
| 005 | 20250731172916.0 | ||
| 008 | 150617s r 000 0 d | ||
| 035 | _a(Sirsi) a18902 | ||
| 040 |
_aPE-LiUPU _bspa _cPE-LiUPU _erda |
||
| 049 | _aPRUA | ||
| 082 | 0 | 4 |
_a254 _bP28 _221 |
| 100 | 1 |
_aPatterson, F. W, _eautor. |
|
| 245 | 1 | 0 |
_aManual de Finanzas para Iglesias / _cF. W. Patterson. |
| 264 | 1 |
_aTexas : _bCasa Bautista de Publicaciones, _c1952. |
|
| 300 |
_a114 páginas ; _c19 cm |
||
| 336 |
_atext _2rdacontent |
||
| 337 |
_aunmediated _2rdamedia |
||
| 338 |
_avolume _2rdacarrier |
||
| 505 | 0 | _aGuía para el estudio del libro -- El peligro de la codicia -- Dios, el dueño absoluto -- El hombre, mayordomo del señor -- El plan financiero de Dios para su reino -- El diezmo aprobado y probado -- Problemas prácticos en cuanto al diezmo -- Cómo efectuar un plan financiero adecuado y sencillo -- Administración de dos fondos -- La iglesia desarrollando a todos sus miembros en la mayordomía. | |
| 526 | _aSEG42 | ||
| 526 | _aSEG41 | ||
| 526 | _aSEG40 | ||
| 526 | _aSEG39 | ||
| 526 | _aP94 | ||
| 526 | _aP87 | ||
| 526 | _aP86 | ||
| 526 | _aP85 | ||
| 526 | _aP77 | ||
| 526 | _aP76 | ||
| 526 | _aP35 | ||
| 650 | 0 | 4 |
_aIglesias _xFinanzas. |
| 910 |
_ajck _bjvq _cjck _d20150616 |
||
| 942 |
_2ddc _cBOOK |
||
| 949 |
_a254 P28 _wDEWEY _c1 _i05757 _lCCODEBUL1 _mBUL _p00.00 _r0 _sY _tBOOK _u2015-04-22 _xTEOLOGIA _PP35 _0COMPRA _o.STAFF. Colección General |
||
| 994 |
_aC0 _bPEPRU |
||
| 596 | _a1 | ||
| 999 |
_a254 P28 _wDEWEY _c18646 _i05757 _f2021-11-12 _g5 _lCCODEBUL1 _mBUL _r0 _sY _tBOOK _u2015-4-22 _xTEOLOGIA _PP35 _0COMPRA _o.STAFF. Colección General _d18646 |
||
| 980 |
_81 _gALBERTO SANCHEZ Responsable de Automatización |
||